| 000 | 00556nam a22002177a 4500 | ||
|---|---|---|---|
| 003 | OSt | ||
| 005 | 20140310183005.0 | ||
| 008 | 130209t xxu||||| |||| 00| 0 eng d | ||
| 020 | _a9789712721199 | ||
| 050 |
_aPN 1996 _b.K46 2008 |
||
| 100 | _aKenny, Isabel E. | ||
| 245 |
_aStorytelling on film and video : _bthe writer & the craft / _cIsabel E. Kenny |
||
| 260 |
_aPasig City ; _bAnvil, _c2008. |
||
| 300 |
_a202 p. : _c22 cm. |
||
| 521 | _aMC | ||
| 562 | _e1 | ||
| 942 |
_2lcc _cBK _kLOC |
||
| 999 |
_c18167 _d18167 |
||